000 00365nam a2200145Ia 4500
008 230917s9999||||xx |||||||||||||| ||und||
040 _e181595
_aMAIN
041 _aEnglish
082 _a005.453 R126P
100 _aRaghavan, V
245 0 _aPrinciples of compiler design
260 _aNew Delhi
_bTata McGraw-Hill
_c2011
300 _axiii, 581 p.
942 _cBK
999 _c157306
_d157306